Matemáticas 1: ciencias/ cristina alvarez ... [et al.]

Guardado en:
Autor Principal: Alvarez, Cristina
Otros Autores: Alvarez, Fernando, Arribas, Antonio, Martínez, Stella M., Ruiz, Andrés
Formato: Libro
Publicado: Barcelona : Vicens Vives, 1999
Materias:
Etiquetas: Agregar Etiqueta
Sin Etiquetas, Sea el primero en etiquetar este registro!
LEADER 01245nam a22002655a 4500
001 CEM.cems010582
005 20080508111655.0
008 130507s1999##################000#0#####d
003 CEMS
020 |a 8431648058 
082 0 4 |a 510 
100 1 |a Alvarez, Cristina 
245 1 0 |a Matemáticas 1: ciencias/ cristina alvarez ... [et al.] 
260 |a Barcelona :  |b Vicens Vives,  |c 1999 
300 |a 267 p. 
500 |a Para nivel polimodal 
505 0 |a Cálculo con números y letras -- Raíces, aproximación -- Número real -- Progresiones -- Ecuaciones de segundo grado. Sistemas -- Desigualdades e inecuaciones -- Polinomios. Descomposición factorial -- Funciones cuadráticas: parábola, hipérbola -- Función exponencial. Función logarítmica -- Trigonometría -- Vectores -- Ecuaciones en la recta -- Cónicas -- La tierra y sus movimientos -- Combinatoria y probabilidad -- Estadística 
653 |a Matemática 
653 |a Matemática-polimodal 
700 1 |a Alvarez, Fernando 
700 1 |a Arribas, Antonio 
700 1 |a Martínez, Stella M. 
700 1 |a Ruiz, Andrés 
859 |a CEMS  |b BIB. CEMS - 11 de abril  |h 510  |i Al76-1  |p 21115.01  |t Ej.1  |v 1º  |3 1º 
859 |a CEMS  |b BIB. CEMS - 11 de abril  |h 510  |i Al76-1  |p 21116.01  |t Ej.2  |v 1º  |3 1º